| 000 -LEADER |
| fixed length control field |
01490cam a2200349 a 4500 |
| 001 - CONTROL NUMBER |
| control field |
728121 |
| 003 - CONTROL NUMBER IDENTIFIER |
| control field |
NUST-PNEC |
| 005 - DATE AND TIME OF LATEST TRANSACTION |
| control field |
20170116180700.0 |
| 008 - FIXED-LENGTH DATA ELEMENTS--GENERAL INFORMATION |
| fixed length control field |
980923s1999 enka b 001 0 eng |
| 010 ## - LIBRARY OF CONGRESS CONTROL NUMBER |
| LC control number |
98044488 |
| 020 ## - INTERNATIONAL STANDARD BOOK NUMBER |
| International Standard Book Number |
0471978183 (alk. paper) |
| 040 ## - CATALOGING SOURCE |
| Original cataloging agency |
DLC |
| Transcribing agency |
PNEC |
| Modifying agency |
DLC |
| 050 00 - LIBRARY OF CONGRESS CALL NUMBER |
| Classification number |
QP301 |
| Item number |
.B478 1999 |
| 082 00 - DEWEY DECIMAL CLASSIFICATION NUMBER |
| Classification number |
612.76 NIG |
| 245 00 - TITLE STATEMENT |
| Title |
Biomechanics of the musculo-skeletal system / |
| Statement of responsibility, etc. |
Benno M. Nigg, Walter Herzog, editors. |
| 246 30 - VARYING FORM OF TITLE |
| Title proper/short title |
Biomechanics |
| 250 ## - EDITION STATEMENT |
| Edition statement |
2nd ed. |
| 260 ## - PUBLICATION, DISTRIBUTION, ETC. |
| Place of publication, distribution, etc. |
Chichester ; |
| -- |
New York : |
| Name of publisher, distributor, etc. |
Wiley, |
| Date of publication, distribution, etc. |
c1999. |
| 300 ## - PHYSICAL DESCRIPTION |
| Extent |
xii, 643 p. : |
| Other physical details |
ill. ; |
| Dimensions |
26 cm. |
| 500 ## - GENERAL NOTE |
| General note |
http://www.amazon.com/Biomechanics-Musculo-Skeletal-System-Benno-Nigg/dp/0471978183/ref=sr_1_1?s=books&ie=UTF8&qid=1410153406&sr=1-1&keywords=0471978183 |
| 504 ## - BIBLIOGRAPHY, ETC. NOTE |
| Bibliography, etc. note |
Includes bibliographical references and index. |
| 650 #0 - SUBJECT ADDED ENTRY--TOPICAL TERM |
| Topical term or geographic name entry element |
Biomechanics. |
| General subdivision |
GENERAL |
| 650 #0 - SUBJECT ADDED ENTRY--TOPICAL TERM |
| Topical term or geographic name entry element |
Musculoskeletal system. |
| 700 1# - ADDED ENTRY--PERSONAL NAME |
| Personal name |
Nigg, Benno Maurus. |
| 700 1# - ADDED ENTRY--PERSONAL NAME |
| Personal name |
Herzog, W. |
| Fuller form of name |
(Walter), |
| Dates associated with a name |
1955- |
| 856 42 - ELECTRONIC LOCATION AND ACCESS |
| Materials specified |
Publisher description |
| Uniform Resource Identifier |
<a href="http://www.loc.gov/catdir/description/wiley033/98044488.html">http://www.loc.gov/catdir/description/wiley033/98044488.html</a> |
| 856 4# - ELECTRONIC LOCATION AND ACCESS |
| Materials specified |
Table of Contents |
| Uniform Resource Identifier |
<a href="http://www.loc.gov/catdir/toc/onix04/98044488.html">http://www.loc.gov/catdir/toc/onix04/98044488.html</a> |
| 856 42 - ELECTRONIC LOCATION AND ACCESS |
| Materials specified |
Contributor biographical information |
| Uniform Resource Identifier |
<a href="http://www.loc.gov/catdir/enhancements/fy0709/98044488-b.html">http://www.loc.gov/catdir/enhancements/fy0709/98044488-b.html</a> |
| 906 ## - LOCAL DATA ELEMENT F, LDF (RLIN) |
| a |
7 |
| b |
cbu |
| c |
orignew |
| d |
1 |
| e |
ocip |
| f |
19 |
| g |
y-gencatlg |
| 942 ## - ADDED ENTRY ELEMENTS (KOHA) |
| Source of classification or shelving scheme |
|
| Koha item type |
Book |